<?xml version="1.0" encoding="UTF-8"?>
<record
    xmlns:xsi="http://www.w3.org/2001/XMLSchema-instance"
    xsi:schemaLocation="http://www.loc.gov/MARC21/slim http://www.loc.gov/standards/marcxml/schema/MARC21slim.xsd"
    xmlns="http://www.loc.gov/MARC21/slim">

  <leader>00687nam a2200217 u 4500</leader>
  <controlfield tag="001">000020263</controlfield>
  <controlfield tag="003">DO-SdBNP</controlfield>
  <controlfield tag="005">20150715110647.0</controlfield>
  <controlfield tag="008">100802s2002    dr a    r     000 0 spa d</controlfield>
  <datafield tag="040" ind1=" " ind2=" ">
    <subfield code="a">BPJMB</subfield>
    <subfield code="b">spa</subfield>
    <subfield code="c">BPJMB</subfield>
  </datafield>
  <datafield tag="092" ind1=" " ind2=" ">
    <subfield code="a">372.8</subfield>
    <subfield code="b">A325b</subfield>
  </datafield>
  <datafield tag="100" ind1="1" ind2=" ">
    <subfield code="a">Albaine Pons, Jos&#xE9; R.</subfield>
  </datafield>
  <datafield tag="245" ind1="1" ind2="0">
    <subfield code="a">Biolog&#xED;a 2 /</subfield>
    <subfield code="c">Jos&#xE9; R. Albaine Pons.</subfield>
  </datafield>
  <datafield tag="260" ind1=" " ind2=" ">
    <subfield code="a">Santo Domingo :</subfield>
    <subfield code="b">Secretar&#xED;a de Estado de Educaci&#xF3;n</subfield>
    <subfield code="f">Corripio</subfield>
  </datafield>
  <datafield tag="300" ind1=" " ind2=" ">
    <subfield code="a">144 p. :</subfield>
    <subfield code="b">il. ;</subfield>
    <subfield code="c">28 cm.</subfield>
  </datafield>
  <datafield tag="500" ind1=" " ind2=" ">
    <subfield code="a">Primer ciclo nivel medio</subfield>
  </datafield>
  <datafield tag="650" ind1=" " ind2="4">
    <subfield code="a">BIOLOG&#xCD;A</subfield>
    <subfield code="x">ENSE&#xD1;ANZA MEDIA</subfield>
    <subfield code="z">REP&#xDA;BLICA DOMINICANA</subfield>
  </datafield>
  <datafield tag="942" ind1=" " ind2=" ">
    <subfield code="2">ddc</subfield>
    <subfield code="c">BK</subfield>
  </datafield>
  <datafield tag="956" ind1=" " ind2=" ">
    <subfield code="a">MMOLINA</subfield>
    <subfield code="b">10</subfield>
    <subfield code="c">20100802</subfield>
    <subfield code="l">BND02</subfield>
    <subfield code="h">1111</subfield>
  </datafield>
  <datafield tag="956" ind1=" " ind2=" ">
    <subfield code="a">MMOLINA</subfield>
    <subfield code="b">45</subfield>
    <subfield code="c">20100802</subfield>
    <subfield code="l">BND02</subfield>
    <subfield code="h">1115</subfield>
  </datafield>
  <datafield tag="999" ind1=" " ind2=" ">
    <subfield code="c">7965</subfield>
    <subfield code="d">7965</subfield>
  </datafield>
</record>
